<?xml version="1.0" encoding="UTF-8"?>
<record
    xmlns:xsi="http://www.w3.org/2001/XMLSchema-instance"
    xsi:schemaLocation="http://www.loc.gov/MARC21/slim http://www.loc.gov/standards/marcxml/schema/MARC21slim.xsd"
    xmlns="http://www.loc.gov/MARC21/slim">

  <leader>01726nab a22002657a 4500</leader>
  <datafield tag="999" ind1=" " ind2=" ">
    <subfield code="c">5684</subfield>
    <subfield code="d">5684</subfield>
  </datafield>
  <controlfield tag="003">OSt</controlfield>
  <controlfield tag="005">20251226235409.0</controlfield>
  <controlfield tag="008">190603e        xxum|||| |||| 00| 0 spa d</controlfield>
  <datafield tag="040" ind1=" " ind2=" ">
    <subfield code="c">PJ</subfield>
  </datafield>
  <datafield tag="100" ind1=" " ind2=" ">
    <subfield code="9">4799</subfield>
    <subfield code="a">Iturbide, Gabriela A.</subfield>
  </datafield>
  <datafield tag="245" ind1="1" ind2="0">
    <subfield code="a">Reflexiones sobre la prescripci&#xF3;n adquisitiva en el C&#xF3;digo Civil y Comercial de la Naci&#xF3;n a diez a&#xF1;os de su entrada en vigencia /</subfield>
    <subfield code="c">Gabriela A. Iturbide.</subfield>
  </datafield>
  <datafield tag="260" ind1=" " ind2=" ">
    <subfield code="c">Ciudad Aut&#xF3;noma de Buenos Aires :</subfield>
    <subfield code="a">Thomson Reuters La Ley, </subfield>
    <subfield code="b">2025.</subfield>
  </datafield>
  <datafield tag="300" ind1=" " ind2=" ">
    <subfield code="a">p. 176-198</subfield>
  </datafield>
  <datafield tag="500" ind1=" " ind2=" ">
    <subfield code="a">Cita: TR LALEY AR/DOC/1757/2025 
Publicado en: RCCyC 2025 (agosto).</subfield>
  </datafield>
  <datafield tag="505" ind1=" " ind2=" ">
    <subfield code="a">Sumario: I. Introducci&#xF3;n.&#x2014; II. El tiempo.&#x2014; III. Los requisitos de la posesi&#xF3;n.&#x2014; IV. Prescripci&#xF3;n larga.&#x2014; V. Prescripci&#xF3;n larga abreviada de diez a&#xF1;os en materia de cosas muebles.&#x2014; VI. Legitimaci&#xF3;n activa y pasiva en el juicio de usucapi&#xF3;n.&#x2014; VII. Efectos de la sentencia en el juicio de usucapi&#xF3;n larga.&#x2014; VIII. Fecha de la adquisici&#xF3;n del derecho real.&#x2014; IX. Anotaci&#xF3;n de litis en el juicio de usucapi&#xF3;n larga.&#x2014; X. Usucapi&#xF3;n breve.&#x2014; XI. Causales de suspensi&#xF3;n del plazo de la prescripci&#xF3;n.&#x2014; XII. Causales de interrupci&#xF3;n del plazo de prescripci&#xF3;n.&#x2014; XIII. Palabras finales. </subfield>
  </datafield>
  <datafield tag="505" ind1=" " ind2=" ">
    <subfield code="t">&#xBF;Te interesa el texto completo? Solicitalo al correo: koha@justierradelfuego.gov.ar</subfield>
  </datafield>
  <datafield tag="650" ind1=" " ind2="0">
    <subfield code="9">1497</subfield>
    <subfield code="a">CODIGO CIVIL Y COMERCIAL</subfield>
  </datafield>
  <datafield tag="650" ind1=" " ind2="0">
    <subfield code="9">1821</subfield>
    <subfield code="a">DERECHOS REALES</subfield>
  </datafield>
  <datafield tag="650" ind1=" " ind2="0">
    <subfield code="9">2324</subfield>
    <subfield code="a">PRESCRIPCI&#xD3;N ADQUISITIVA</subfield>
  </datafield>
  <datafield tag="650" ind1=" " ind2="0">
    <subfield code="9">2289</subfield>
    <subfield code="a">POSESI&#xD3;N</subfield>
  </datafield>
  <datafield tag="650" ind1=" " ind2="0">
    <subfield code="9">2274</subfield>
    <subfield code="a">BIENES INMUEBLES</subfield>
  </datafield>
  <datafield tag="650" ind1=" " ind2="0">
    <subfield code="9">3092</subfield>
    <subfield code="a">PRESCRIPCI&#xD3;N</subfield>
  </datafield>
  <datafield tag="773" ind1="0" ind2=" ">
    <subfield code="0">2713</subfield>
    <subfield code="9">3170</subfield>
    <subfield code="d">Ciudad Aut&#xF3;noma de Buenos Aires : Thomson Reuters La Ley, 2015-</subfield>
    <subfield code="t">Revista C&#xF3;digo Civil y Comercial. N&#xBA; 4 - Agosto 2025</subfield>
  </datafield>
  <datafield tag="942" ind1=" " ind2=" ">
    <subfield code="2">udc</subfield>
    <subfield code="c">ANA</subfield>
  </datafield>
</record>
